| 000 | 00682nam a22001937a 4500 | ||
|---|---|---|---|
| 999 |
_c194785 _d194785 |
||
| 005 | 20230119170103.0 | ||
| 010 | _aENG-136018 | ||
| 020 |
_a9789393966629 _c599.00 |
||
| 035 | _aEN-119550 | ||
| 037 | _bDBAD/PUB | ||
| 082 | _a921 | ||
| 100 | _aNanaware, Kumar | ||
| 245 |
_aI am a Government Doctor: _bAutobiography of A Medical Professional/ _cby Kumar Nanaware and translated by Aditya Deshpande |
||
| 260 |
_aMadhya Pradesh _bWings Publication _c2022 |
||
| 270 |
_a907-Sneh Nagar, Sapna Sangeeta Road, Agrasen Square _bIndore _e452001 _mmybook@wingspublication.com |
||
| 300 |
_a317p. _c21cm(pbk) |
||
| 700 | _aDespande, Aditya | ||
| 942 |
_2ddc _cEN _h921 _mNAN |
||